| 000 | 00429 a2200181 4500 | ||
|---|---|---|---|
| 003 | Nust | ||
| 005 | 20230127123526.0 | ||
| 020 | _a0006514820 | ||
| 040 | _cNust | ||
| 082 | _a823.8,PAR | ||
| 100 |
_aparsons,Tony _9107904 |
||
| 245 |
_aMan And Wife / _cTony Parsons |
||
| 260 |
_aLondon _bHarper co |
||
| 300 | _a296:p | ||
| 505 | _aPart 1: The man of her Dreams (Page-3). | ||
| 650 |
_aFictions _9107530 |
||
| 942 |
_2ddc _cBK |
||
| 999 |
_c186835 _d186835 |
||